[Event "Sanjin Hotel Cup"]
[Site "Taiyuan CHN"]
[Date "2004.07.17"]
[Round "1"]
[White "Bu Xiangzhi"]
[Black "Zhang Zhong"]
[Result "1/2-1/2"]
[WhiteElo "2620"]
[BlackElo "2603"]
[EventDate "2004.07.17"]

1. Nf3 c5 2. c4 Nc6 3. d4 cxd4 4. Nxd4 Qb6 5. Nb3 e6 6. Nc3 Nf6 7. a3 Be7
8. e4 O-O 9. Be2 Qc7 10. O-O b6 11. Be3 Bb7 12. Rc1 Rac8 13. c5 bxc5 14.
Nxc5 Ba8 15. b4 d6 16. Nb3 Qb8 17. f3 Rfd8 18. Ba6 Rc7 19. Qe2 d5 20. exd5
Nxd5 21. Nxd5 Rxd5 22. Kh1 Bd6 23. Bc4 Rh5 24. f4 g6 25. Nc5 Qd8 26. Qf2
Ne7 27. Be2 Rf5 28. Rcd1 Rd5 29. Bf3 Rxd1 30. Rxd1 Bxf3 31. Qxf3 Nd5
1/2-1/2

[Event "Sanjin Hotel Cup"]
[Site "Taiyuan CHN"]
[Date "2004.07.17"]
[Round "1"]
[White "Short,N"]
[Black "Xu Jun"]
[Result "1-0"]
[WhiteElo "2684"]
[BlackElo "2617"]
[EventDate "2004.07.17"]

1. e4 c5 2. Nf3 d6 3. d4 cxd4 4. Nxd4 Nf6 5. Nc3 a6 6. Be2 e5 7. Nb3 Be7 8.
O-O O-O 9. Kh1 Nc6 10. f4 b5 11. Be3 exf4 12. Rxf4 Be6 13. a4 b4 14. Nd5
Nd7 15. Nxe7+ Qxe7 16. a5 Nde5 17. Qf1 Qb7 18. Rd1 Ng6 19. Rf2 Nce5 20.
Rxd6 Qxe4 21. Bb6 Qxc2 22. Nd4 Qe4 23. Nxe6 fxe6 24. Rd4 Rxf2 25. Rxe4
Rxf1+ 26. Bxf1 Rc8 27. g3 Rc1 28. Kg2 Rc2+ 29. Re2 b3 30. Kh3 Rc1 31. Rf2
Nc4 32. Be2 Nge5 33. Bd4 Rc2 34. Bd1 Rxf2 35. Bxf2 Nxa5 36. Bd4 Nec4 37.
Be2 e5 38. Bc3 Kf7 39. Bd3 h6 40. Kh4 g6 41. g4 Kf6 42. h3 g5+ 43. Kh5 Kg7
44. h4 gxh4 45. Kxh4 Kf6 46. Kh5 Kg7 47. Be4 Kf6 48. Kxh6 Nd6 49. Bd5 Nac4
50. g5+ Ke7 51. g6 Ne3 52. Bxb3 Kf6 53. Kh7 Nef5 54. Ba5 Nb7 55. Bb6 1-0

[Event "Sanjin Hotel Cup"]
[Site "Taiyuan CHN"]
[Date "2004.07.18"]
[Round "2"]
[White "Ye Jiangchuan"]
[Black "Bu Xiangzhi"]
[Result "0-1"]
[WhiteElo "2681"]
[BlackElo "2620"]
[EventDate "2004.07.17"]

1. e4 c5 2. Nc3 g6 3. g3 Bg7 4. Bg2 Nc6 5. d3 d6 6. Nh3 Rb8 7. O-O b5 8. f4
b4 9. Nd5 e6 10. Ne3 Nf6 11. f5 O-O 12. g4 h6 13. Nc4 g5 14. Nf2 Nh7 15.
Kh1 Bb7 16. Nd2 Ne5 17. Nf3 d5 18. Qe2 Qd6 19. a3 b3 20. c3 Nf6 21. Nxe5
Qxe5 22. Re1 Rfe8 23. Bd2 exf5 24. gxf5 Re7 25. Rad1 Rbe8 26. Ng4 Qxf5 27.
Ne3 Qg6 28. exd5 Nxd5 29. Qf2 Nf4 30. Bxb7 Rxb7 31. Qf3 Rd7 0-1

[Event "Sanjin Hotel Cup"]
[Site "Taiyuan CHN"]
[Date "2004.07.18"]
[Round "2"]
[White "Zhang Zhong"]
[Black "Ni Hua"]
[Result "1/2-1/2"]
[WhiteElo "2603"]
[BlackElo "2583"]
[EventDate "2004.07.17"]

1. c4 Nf6 2. Nc3 e5 3. Nf3 Nc6 4. g3 Bb4 5. Bg2 O-O 6. O-O d6 7. d3 Nd4 8.
Nxd4 exd4 9. Na4 d5 10. a3 Be7 11. b4 Be6 12. Bb2 dxc4 13. dxc4 Bxc4 14.
Bxd4 c6 15. Rc1 Bd5 16. Bxf6 Bxf6 17. Bxd5 cxd5 18. Nc3 d4 19. Ne4 Be5 20.
Qd3 g6 21. Rc5 Qe7 22. Nd2 Rfe8 23. Nf3 Bf6 24. Rc2 a5 25. b5 Rac8 26. Rfc1
Rc3 27. Rxc3 dxc3 28. Nd4 Qc5 29. e3 Rc8 30. Nc2 Rd8 31. Nd4 Rc8 32. Nc2 h5
33. h4 Rd8 34. Nd4 Rc8 35. Nc2 b6 36. Kg2 Kg7 37. Kg1 Kg8 38. Kg2 Kf8 39.
Kh2 Kg7 40. Kg2 Kf8 41. Kh2 a4 42. Kg2 Kg7 43. Kg1 Kg8 44. Kg2 Rd8 45. Nd4
Qxa3 46. Rxc3 Qd6 47. Rc6 Qd5+ 48. Kh2 Bxd4 49. exd4 1/2-1/2

[Event "Sanjin Hotel Cup"]
[Site "Taiyuan CHN"]
[Date "2004.07.20"]
[Round "4"]
[White "Ye Jiangchuan"]
[Black "Lautier,J"]
[Result "1/2-1/2"]
[WhiteElo "2681"]
[BlackElo "2666"]
[EventDate "2004.07.17"]

1. e4 e5 2. Nf3 Nf6 3. Nxe5 d6 4. Nf3 Nxe4 5. d4 d5 6. Bd3 Bd6 7. O-O O-O
8. c4 c6 9. Re1 Bf5 10. Nc3 Nxc3 11. bxc3 Bxd3 12. Qxd3 dxc4 13. Qxc4 Nd7
14. Qb3 Qc7 15. c4 Rfe8 16. Bb2 Rad8 17. g3 Bf8 18. Kg2 b6 19. a4 Qd6 20.
Bc3 Qg6 21. a5 Rxe1 22. Bxe1 Qe4 23. axb6 axb6 24. Qe3 1/2-1/2

[Event "Sanjin Hotel Cup"]
[Site "Taiyuan CHN"]
[Date "2004.07.20"]
[Round "4"]
[White "Xu Jun"]
[Black "Zhang Zhong"]
[Result "1-0"]
[WhiteElo "2617"]
[BlackElo "2603"]
[EventDate "2004.07.17"]

1. Nf3 Nf6 2. c4 b6 3. Nc3 Bb7 4. d4 e6 5. a3 g6 6. d5 Bg7 7. e4 exd5 8.
cxd5 O-O 9. Bd3 c6 10. d6 c5 11. O-O Nc6 12. h3 Nd4 13. Re1 a6 14. Bg5 h6
15. Bh4 Nxf3+ 16. Qxf3 Re8 17. Qd1 Qc8 18. e5 Nh5 19. Be7 Bf8 20. Bxf8 Kxf8
21. Qd2 g5 22. g3 c4 23. Be4 Bxe4 24. Nxe4 Qc6 25. Qd1 Ng7 26. Nf6 Re6 27.
Qc2 1-0

[Event "Sanjin Hotel Cup"]
[Site "Taiyuan CHN"]
[Date "2004.07.20"]
[Round "4"]
[White "Short,N"]
[Black "Bu Xiangzhi"]
[Result "1/2-1/2"]
[WhiteElo "2684"]
[BlackElo "2620"]
[EventDate "2004.07.17"]

1. e4 c5 2. Nf3 d6 3. d4 cxd4 4. Nxd4 Nf6 5. Nc3 g6 6. Be3 Bg7 7. f3 Nc6 8.
Qd2 O-O 9. g4 Bd7 10. h4 Ne5 11. h5 Rc8 12. O-O-O Qa5 13. Nb3 Qc7 14. Be2
b5 15. Kb1 b4 16. Nd5 Nxd5 17. exd5 a5 18. Bh6 Bxh6 19. Qxh6 Qxc2+ 20. Ka1
Qxe2 21. hxg6 Qxd1+ 22. Rxd1 fxg6 23. Nd4 Rf7 24. Rh1 Rc5 25. Ne6 Rxd5 26.
Ng5 Rg7 27. Qh4 Nf7 28. Ne4 Re5 29. Rc1 h6 30. Rc7 d5 31. Nc5 Bb5 32. a4
bxa3 33. bxa3 d4 34. Nd7 1/2-1/2

[Event "Sanjin Hotel Cup"]
[Site "Taiyuan CHN"]
[Date "2004.07.20"]
[Round "4"]
[White "Xie Jun"]
[Black "Ni Hua"]
[Result "1/2-1/2"]
[WhiteElo "2564"]
[BlackElo "2583"]
[EventDate "2004.07.17"]

1. e4 c5 2. Nf3 Nc6 3. Nc3 Nf6 4. Bb5 Qc7 5. O-O Nd4 6. Re1 a6 7. Bf1 e5 8.
d3 d6 9. Nxd4 cxd4 10. Ne2 Be7 11. c3 dxc3 12. Nxc3 O-O 13. Bg5 Be6 14. Rc1
Qd8 15. d4 h6 16. Be3 Ng4 17. Nd5 Bh4 18. dxe5 Nxe3 19. Nxe3 dxe5 20. Bc4
Qb6 21. Qe2 Bg5 22. Rc2 Bxe3 23. Qxe3 Qxe3 24. Rxe3 Rfd8 25. Kf1 Rac8
1/2-1/2

[Event "Sanjin Hotel Cup"]
[Site "Taiyuan CHN"]
[Date "2004.07.22"]
[Round "5"]
[White "Lautier,J"]
[Black "Xie Jun"]
[Result "1/2-1/2"]
[WhiteElo "2666"]
[BlackElo "2564"]
[EventDate "2004.07.17"]

1. e4 e5 2. Nf3 Nc6 3. Bb5 a6 4. Ba4 Nf6 5. O-O Be7 6. Re1 b5 7. Bb3 d6 8.
c3 O-O 9. h3 Na5 10. Bc2 c5 11. d4 Nc6 12. d5 Na5 13. Nbd2 Re8 14. b3 g6
15. Nf1 Nh5 16. Be3 Bf6 17. Ng3 Nf4 18. Qd2 Bg7 19. Rac1 Nb7 20. b4 Bd7 21.
Bb1 1/2-1/2

[Event "Sanjin Hotel Cup"]
[Site "Taiyuan CHN"]
[Date "2004.07.22"]
[Round "5"]
[White "Bu Xiangzhi"]
[Black "Lputian,S"]
[Result "1/2-1/2"]
[WhiteElo "2620"]
[BlackElo "2634"]
[EventDate "2004.07.17"]

1. Nf3 d5 2. d4 Nf6 3. c4 e6 4. Nc3 Be7 5. cxd5 exd5 6. Bg5 c6 7. Qc2 g6 8.
e3 Bf5 9. Bd3 Bxd3 10. Qxd3 O-O 11. O-O 1/2-1/2

[Event "Sanjin Hotel Cup"]
[Site "Taiyuan CHN"]
[Date "2004.07.22"]
[Round "5"]
[White "Zhang Zhong"]
[Black "Ye Jiangchuan"]
[Result "0-1"]
[WhiteElo "2603"]
[BlackElo "2681"]
[EventDate "2004.07.17"]

1. e4 c5 2. Nf3 e6 3. d4 cxd4 4. Nxd4 a6 5. Nc3 b5 6. Bd3 Qb6 7. Nf3 Qc7 8.
O-O Bb7 9. Re1 Bc5 10. Qd2 Be7 11. b3 Nf6 12. Bb2 d6 13. a4 b4 14. Na2 Nc6
15. Nd4 a5 16. Nb5 Qd7 17. Rad1 O-O 18. e5 Nxe5 19. Bf1 Qc6 20. f4 Ng6 21.
f5 exf5 22. Nd4 Qc5 23. Qf2 f4 24. Rxe7 Nxe7 25. Qxf4 Ng6 26. Qf5 Rfe8 27.
Nc1 Be4 28. Qf2 Ng4 29. Qg3 h5 30. Bd3 Nf6 31. Qf2 Ng4 32. Qg3 Qg5 33. h3
Qe3+ 34. Qxe3 Nxe3 35. Re1 Bxd3 36. Nxd3 Rac8 37. Bc1 Nd5 38. Rxe8+ Rxe8
39. Kf2 Ne5 40. Nf4 Nxf4 41. Bxf4 g6 42. Bd2 Kf8 43. c3 bxc3 44. Bxc3 Ra8
45. Ke3 Ke7 46. Ke4 Kd7 47. Nb5 Nc6 48. Kd3 Re8 49. Na3 d5 50. Nb5 Re4 51.
Na3 f5 0-1

[Event "Sanjin Hotel Cup"]
[Site "Taiyuan CHN"]
[Date "2004.07.22"]
[Round "5"]
[White "Ni Hua"]
[Black "Short,N"]
[Result "1/2-1/2"]
[WhiteElo "2583"]
[BlackElo "2684"]
[EventDate "2004.07.17"]

1. e4 e5 2. Nf3 Nc6 3. d4 exd4 4. Nxd4 Bc5 5. Nxc6 Qf6 6. Qd2 dxc6 7. Nc3
Ne7 8. Qf4 Be6 9. Qxf6 gxf6 10. Na4 Bb4+ 11. Bd2 Bxd2+ 12. Kxd2 O-O-O+ 13.
Bd3 b6 14. Rae1 c5 15. Kc1 Nc6 16. Nc3 1/2-1/2

[Event "Sanjin Hotel Cup"]
[Site "Taiyuan CHN"]
[Date "2004.07.23"]
[Round "6"]
[White "Xu Jun"]
[Black "Ye Jiangchuan"]
[Result "1/2-1/2"]
[WhiteElo "2617"]
[BlackElo "2681"]
[EventDate "2004.07.17"]

1. d4 Nf6 2. c4 g6 3. Nc3 Bg7 4. e4 d6 5. Be2 O-O 6. Nf3 e5 7. O-O Nc6 8.
d5 Ne7 9. b4 Nh5 10. Re1 f5 11. Ng5 Nf6 12. Bf3 c6 13. b5 cxd5 14. cxd5 h6
15. Ne6 Bxe6 16. dxe6 Rc8 17. Qb3 d5 18. Nxd5 Nfxd5 19. exd5 e4 20. d6 Qxd6
21. Ba3 Qd5 22. Rad1 Qxb3 23. axb3 exf3 24. Bxe7 Rfe8 25. Rd7 Bf6 26. Bxf6
Rxe6 27. Ra1 Rxf6 28. Rxb7 Rf7 29. Rxf7 Kxf7 30. Rxa7+ Kf6 31. Ra6+ Ke5 32.
Rc6 Rd8 33. gxf3 Rd3 34. b4 Rd4 35. Rxg6 Rxb4 36. Rb6 Kf4 37. Kg2 h5 38.
Rb8 Rb3 39. b6 Rxf3 40. b7 Rb3 41. h4 Rb1 42. Rh8 Rxb7 43. Rxh5 Rg7+
1/2-1/2

[Event "Sanjin Hotel Cup"]
[Site "Taiyuan CHN"]
[Date "2004.07.23"]
[Round "6"]
[White "Lputian,S"]
[Black "Ni Hua"]
[Result "0-1"]
[WhiteElo "2634"]
[BlackElo "2583"]
[EventDate "2004.07.17"]

1. d4 d5 2. c4 c6 3. Nc3 Nf6 4. e3 a6 5. Qc2 g6 6. Nf3 Bg7 7. Bd3 O-O 8.
O-O Bg4 9. Ne5 Be6 10. Bd2 dxc4 11. Bxc4 Bxc4 12. Nxc4 Nbd7 13. b4 Rc8 14.
Rac1 b5 15. Na5 e5 16. Rfd1 Re8 17. Ne2 Qb6 18. dxe5 Nxe5 19. Nd4 Kh8 20.
h3 Nd5 21. Ndb3 f5 22. a3 Qa7 23. Nc5 Nd7 24. Nab7 Nxc5 25. Nxc5 Re7 26.
Re1 Rce8 27. Nb3 Re6 28. Qd3 Rd6 29. e4 fxe4 30. Rxe4 Red8 31. Qe2 Qf7 32.
Re1 h6 33. Nc5 Nc3 34. Bxc3 Bxc3 35. Re7 Qf8 36. Rf1 Bf6 37. Rc7 Re8 38.
Qc2 Be5 39. Ne4 Rd4 40. Rxc6 Rxe4 41. Rxg6 Bd4 42. Qc6 Kh7 43. Rd6 R8e7 44.
Qc2 Kh8 45. Qd2 Bg7 46. Rxa6 Re2 47. Qd5 Rxf2 48. Rxf2 Re1+ 49. Kh2 Qxf2
50. Qd8+ Qf8 51. Qxf8+ Bxf8 52. Kg3 Kg7 53. h4 Re4 54. Rb6 h5 55. Rxb5 Bd6+
56. Kf3 Rf4+ 57. Ke3 Rxh4 58. Rd5 Be7 59. Kf3 {Final moves probably
missing} 0-1

[Event "Sanjin Hotel Cup"]
[Site "Taiyuan CHN"]
[Date "2004.07.23"]
[Round "6"]
[White "Short,N"]
[Black "Lautier,J"]
[Result "1/2-1/2"]
[WhiteElo "2684"]
[BlackElo "2666"]
[EventDate "2004.07.17"]

1. e4 c5 2. Nf3 Nc6 3. d4 cxd4 4. Nxd4 Nf6 5. Nc3 e5 6. Ndb5 d6 7. Bg5 a6
8. Na3 b5 9. Bxf6 gxf6 10. Nd5 Bg7 11. Bd3 Ne7 12. Nxe7 Qxe7 13. c4 f5 14.
O-O O-O 15. Qf3 d5 16. cxd5 fxe4 17. Bxe4 Rb8 18. Rac1 Qd7 19. Rxc8 Qxc8
20. Bf5 Qc5 21. Nc2 e4 22. Qxe4 Rfe8 23. Bxh7+ Kf8 24. Qf3 Bxb2 25. Ne3 Qd4
26. Nf5 Qh8 27. Qh3 Rbd8 28. d6 Re6 29. g3 Bg7 30. Qh4 Bf6 31. Qh5 Bg7 32.
Qh4 Bf6 33. Qh5 1/2-1/2

[Event "Sanjin Hotel Cup"]
[Site "Taiyuan CHN"]
[Date "2004.07.24"]
[Round "7"]
[White "Ye Jiangchuan"]
[Black "Xie Jun"]
[Result "1-0"]
[WhiteElo "2681"]
[BlackElo "2564"]
[EventDate "2004.07.17"]

1. d4 Nf6 2. c4 g6 3. Nc3 Bg7 4. e4 d6 5. f3 O-O 6. Be3 c5 7. Nge2 Nc6 8.
Qd2 Nxd4 9. Nxd4 cxd4 10. Bxd4 b6 11. Be2 Bb7 12. O-O Rc8 13. Rac1 Nd7 14.
Be3 a6 15. Kh1 Qc7 16. Rc2 Ne5 17. Rfc1 e6 18. Na4 Nd7 19. b4 Rfd8 20. Bf1
Bc6 21. Nc3 Qb8 22. Bg5 Bf6 23. Bxf6 Nxf6 24. a3 Kg7 25. Qe3 Qb7 26. a4 e5
27. Rd2 Qc7 28. Rcd1 Rb8 29. Bd3 Bd7 30. Rc2 Qb7 31. Be2 Be6 32. f4 exf4
33. Qxf4 Rbc8 34. Rd4 Qe7 35. h3 Rd7 36. Rcd2 Ne8 37. e5 dxe5 38. Qxe5+ Qf6
39. Qe3 Rxd4 40. Rxd4 h6 41. Rf4 Qd8 42. c5 bxc5 43. Bxa6 Ra8 44. Qe5+ Kg8
45. b5 Qb6 46. Ne4 c4 47. Qc5 Qa5 48. Bb7 Qe1+ 49. Kh2 Rxa4 50. Qe7 Ra1 51.
Qxe8+ Kg7 52. Qe7 Qg1+ 53. Kg3 Qe3+ 54. Rf3 Qe1+ 55. Rf2 Bf5 56. Bd5 1-0

[Event "Sanjin Hotel Cup"]
[Site "Taiyuan CHN"]
[Date "2004.07.24"]
[Round "7"]
[White "Zhang Zhong"]
[Black "Short,N"]
[Result "0-1"]
[WhiteElo "2603"]
[BlackElo "2684"]
[EventDate "2004.07.17"]

1. e4 e5 2. Nf3 Nc6 3. Bb5 a6 4. Bxc6 dxc6 5. O-O f6 6. d4 Bg4 7. dxe5 Qxd1
8. Rxd1 fxe5 9. Nbd2 O-O-O 10. Re1 Re8 11. h3 Bh5 12. b3 Nf6 13. Bb2 Nd7
14. Red1 Bc5 15. Nc4 Bxf3 16. gxf3 Rhf8 17. Rd3 b5 18. Nd2 Re6 19. a4 Rf4
20. axb5 cxb5 21. c4 Rh4 22. cxb5 axb5 23. Ra8+ Kb7 24. Ra5 Kc6 25. Ra6+
Bb6 26. Ra1 Nf6 27. Kf1 Rxh3 28. Ke2 Nh5 29. Kd1 Nf4 30. Rc1+ Kb7 31. Rd7
Rh1+ 0-1

[Event "Sanjin Hotel Cup"]
[Site "Taiyuan CHN"]
[Date "2004.07.25"]
[Round "8"]
[White "Xu Jun"]
[Black "Xie Jun"]
[Result "0-1"]
[WhiteElo "2617"]
[BlackElo "2564"]
[EventDate "2004.07.17"]

1. d4 Nf6 2. c4 g6 3. Nc3 Bg7 4. e4 d6 5. Nf3 O-O 6. Be2 e5 7. O-O Nc6 8.
d5 Ne7 9. b4 Nh5 10. Re1 Nf4 11. Bf1 a5 12. bxa5 Rxa5 13. Nd2 c5 14. a4 Kh8
15. Ra3 Ng8 16. Nb5 Ra6 17. g3 Nh5 18. Bb2 Nh6 19. Be2 Qe7 20. f4 exf4 21.
Bxg7+ Nxg7 22. gxf4 f5 23. e5 dxe5 24. d6 Rxd6 25. Nxd6 Qxd6 26. Nb3 Qf6
27. fxe5 Qg5+ 28. Kh1 Rd8 29. Qc1 Qh4 30. Bf3 Ng4 31. Bxg4 Qxg4 32. Nxc5 b6
33. Rg3 Qh4 34. Nd3 Nh5 0-1

[Event "Sanjin Hotel Cup"]
[Site "Taiyuan CHN"]
[Date "2004.07.25"]
[Round "8"]
[White "Bu Xiangzhi"]
[Black "Ni Hua"]
[Result "1/2-1/2"]
[WhiteElo "2620"]
[BlackElo "2583"]
[EventDate "2004.07.17"]

1. d4 d5 2. c4 c6 3. Nf3 Nf6 4. e3 a6 5. Nc3 b5 6. b3 Bg4 7. Be2 Nbd7 8.
O-O e6 9. h3 Bh5 10. Bb2 Bd6 11. Ne5 Bxe2 12. Nxe2 Qc7 13. cxd5 cxd5 14.
Rc1 Qb8 15. Nxd7 Nxd7 16. e4 dxe4 17. d5 Nc5 18. dxe6 O-O 19. Nf4 Ra7 20.
Qd5 Bxf4 21. Rxc5 e3 22. Bd4 exf2+ 23. Rxf2 fxe6 24. Qxe6+ Raf7 25. Rf5 Qd6
26. Qxd6 Bxd6 27. Rxf7 Rxf7 28. Rxf7 Kxf7 29. Kf2 g6 30. Kf3 Ke6 31. Ke4 h5
1/2-1/2

[Event "Sanjin Hotel Cup"]
[Site "Taiyuan CHN"]
[Date "2004.07.26"]
[Round "9"]
[White "Lautier,J"]
[Black "Bu Xiangzhi"]
[Result "1-0"]
[WhiteElo "2666"]
[BlackElo "2620"]
[EventDate "2004.07.17"]

1. c4 Nf6 2. Nc3 e5 3. Nf3 Nc6 4. g3 Bb4 5. Nd5 Bc5 6. d3 h6 7. a3 a5 8.
Bg2 O-O 9. e3 d6 10. O-O Nxd5 11. cxd5 Ne7 12. d4 exd4 13. Nxd4 Ng6 14. b3
Bd7 15. h3 Re8 16. Bb2 a4 17. b4 Bb6 18. Rc1 Qe7 19. Kh2 Rac8 20. Re1 Nf8
21. Rc4 f5 22. Qd3 Qf7 23. Rec1 Ng6 24. Ne6 Ne5 25. Bxe5 dxe5 26. Nxc7 e4
27. Qd1 Red8 28. b5 Be8 29. d6 Kh7 30. Bf1 Bd7 31. Qxa4 h5 32. Qd1 h4 33.
Nd5 hxg3+ 34. fxg3 Ba7 35. Rc7 f4 36. exf4 Bf2 37. Bg2 Qg6 38. Ne7 Qxg3+
39. Kh1 Qh4 40. Rxd7 1-0

[Event "Sanjin Hotel Cup"]
[Site "Taiyuan CHN"]
[Date "2004.07.26"]
[Round "9"]
[White "Ni Hua"]
[Black "Xu Jun"]
[Result "1/2-1/2"]
[WhiteElo "2583"]
[BlackElo "2617"]
[EventDate "2004.07.17"]

1. e4 c5 2. Nf3 d6 3. d4 cxd4 4. Nxd4 Nf6 5. Nc3 a6 6. Be2 e5 7. Nb3 Be7 8.
Bg5 Be6 9. Bxf6 Bxf6 10. Qd3 Be7 11. Nd5 Bxd5 12. Qxd5 Qc7 13. Bc4 O-O 14.
Qd3 Nd7 15. c3 Rac8 16. Bd5 Nb6 17. O-O Nxd5 18. Qxd5 Qc6 19. Qd3 Qc4 20.
Qf3 Qc6 21. Qd3 Qc4 22. Qf3 Qc6 23. Qd3 1/2-1/2

[Event "Sanjin Hotel Cup"]
[Site "Taiyuan CHN"]
[Date "2004.07.26"]
[Round "9"]
[White "Ye Jiangchuan"]
[Black "Lputian,S"]
[Result "1/2-1/2"]
[WhiteElo "2681"]
[BlackElo "2634"]
[EventDate "2004.07.17"]

1. e4 e6 2. d4 d5 3. Nd2 c5 4. exd5 exd5 5. Ngf3 Nc6 6. Bb5 Bd6 7. dxc5
Bxc5 8. O-O Nge7 9. Nb3 Bd6 10. Re1 O-O 11. Bg5 Bg4 12. Bh4 Qc7 13. Bg3
Rad8 14. Bd3 Ng6 15. c3 Nge5 16. Be2 Nxf3+ 17. Bxf3 Bxf3 18. Qxf3 Bxg3 19.
hxg3 d4 20. cxd4 Nxd4 21. Nxd4 Rxd4 22. Rac1 Rc4 23. Rxc4 Qxc4 24. b3 Qc7
25. Qe3 a6 26. Qe7 Qc6 27. Qe4 1/2-1/2

[Event "Sanjin Hotel Cup"]
[Site "Taiyuan CHN"]
[Date "2004.07.26"]
[Round "9"]
[White "Xie Jun"]
[Black "Short,N"]
[Result "1/2-1/2"]
[WhiteElo "2564"]
[BlackElo "2684"]
[EventDate "2004.07.17"]

1. e4 e6 2. d4 d5 3. Nd2 c5 4. exd5 exd5 5. Ngf3 Nf6 6. Bb5+ Bd7 7. Bxd7+
Nbxd7 8. O-O Be7 9. dxc5 Nxc5 10. Re1 O-O 11. Nf1 Re8 12. Be3 Ne6 13. Nd4
a6 14. Qf3 Rc8 15. c3 Bc5 16. Nb3 Bf8 17. h3 b5 1/2-1/2